000 00736nam a2200229Ia 4500
003 IN-BaIIA
008 211028s9999 xx 000 0 eng d
020 _a0-7923-0449-7
040 _cIIA Library
080 _a082.2:52
_bIAU-S135
245 0 _aInterstellar dust
_cedited by L. J. Allamandola and A. G. G. M. Tielens
260 _aDordrecht
_bKluwer Academic
_c1989
300 _axv, 525p.
490 _aIAU symposium; no. 135
650 _aCosmic dust
_93926
650 _aInterstallar gas
_916336
650 _aInterstellar dust
_95398
650 _aInterstellar matter
_91189
700 _aAllamandola, L. J., ed.
_916337
700 _aTielens, A. G. G. M., ed.
_916338
942 _cBK
999 _c9680
_d9680